01291nam a22003257a 4500003000900000005001700009008004100026020001800067020001500085040004300100082002000143100003600163245010400199246002400303264005600327264001000383300006400393336002600457337002800483338002700511490002300538650006100561650006800622653002300690655002400713700003800737942002400775999001700799952014900816EG-ScBUE20220529121243.0140701t2013 maua f 000 0 eng d a9781133565789 a1133565786 aEG-ScBUEbengerdacEG-ScBUEdEG-ScBUE04222a428.24bDOU1 935961aDouglas, Nancy,eauthor.10aWorld class 1 :bexpanding English fluency,pTeacher’s edition /cNancy Douglas, James R. Morgan.30aTeacher’s edition 1aBoston, MA :bNational Geographic Learning,c[2013] 4cc2013 a1 volume (various pagings) :bcolor illustrations ;c28 cm. 2rdacontentatextbtxt 2rdamediaaunmediatedbn 2rdacarrieravolumebnc0 aWorld class series 7aEnglish languagevTextbooks for foreign speakers.2BUEsh 7aEnglish languagevSound recordings for foreign speakers.2BUEsh cJuly2014bHHUUEENN vReading book9342321 936022aMorgan, James R.,eauthor. 2ddck428.24 DOUcBB c18329d18301 00102ddc40708ILBaMAINbMAINc2NDd2014-07-01ePurchaseg270.00h4031l0o428.24 DOUp000036031r2025-07-15 00:00:00v337.50w2014-07-01yBB